Famous Greeks and Romans by Statue - Statistics

General Stats
  • This quiz has been taken 105 times
  • The average score is 11 of 16
Answer Stats
Picture Hint Answer % Correct
He came, he saw, he conquered Julius Caesar
96%
Son of Philip II Alexander the Great
89%
First Roman emperor Augustus
89%
Famous hemlock connoisseur Socrates
89%
Famous fiddler Nero
78%
First Christian emperor Constantine I
73%
Eponymous wall builder Hadrian
72%
The answer can be found through Meditations Marcus Aurelius
69%
Greek best known for his theorum Pythagoras
67%
Father of history Herodotus
63%
Republican statesman and orator Cicero
61%
Lyceum founder Aristotle
55%
Notable Athenian Archon Pericles
55%
First Triumvir Pompey the Great
48%
Athenian reformer of laws Solon
30%
Designer of the Parthenon's sculptures Phidias
22%
No matching quizzes found
Score Distribution
Percent of People with Each Score
Percentile by Number Answered
Your Score History
You have not taken this quiz